| 000 | 00531nam a22001817a 4500 | ||
|---|---|---|---|
| 003 | CEME | ||
| 005 | 20210628203159.0 | ||
| 008 | 210203b xxu||||| |||| 00| 0 eng d | ||
| 020 | _a0842703871 | ||
| 040 | _c. | ||
| 082 | _a624.17 CHE | ||
| 100 |
_aCheng, Franklin Y _963801 |
||
| 245 | _aMatrix analysis of structural dynamics , applications and earthquake engineering | ||
| 260 |
_aUSA _bMARCEL DEKKER _c2000 |
||
| 300 | _a811P | ||
| 650 |
_aSTRUCTURAL DYNAMICS. , MATRICES.EARTHQUAKE ENGINEERING. _963802 |
||
| 942 |
_cBK _2ddc |
||
| 999 |
_c572517 _d572517 |
||